000 00301nam a2200121Ia 4500
008 190216s9999||||xx |||||||||||||| ||und||
100 _aAriel G Loewy And Philip Siekebitz
245 0 _aCell Structure And Function
260 _bAmerind Oub Co
_c1974
300 _a516p
650 _aBotany
942 _cBK
999 _c1251
_d1251